000 00665nam a22002417a 4500
005 20250522162957.0
008 250522b |||||||| |||| 00| 0 eng d
020 _a9781009272186
037 _cLCT
040 _aLCT
_cLCT
041 _aeng
084 _aZ1 Q17
100 _aShaw, Malcolm N
_9784706
245 _aInternational Law/
250 _a8th edition
260 _aNew Delhi
_bCambridge University Press
_c2017
300 _aLxxxviii, 1033p.
650 _aLaw
_9784707
650 _aInternational Law
_9784708
650 _aLaw of Sea
_9682969
650 _aHuman rights law
_9784709
942 _2CC
_cTB
_hZ1 Q17
_n0
999 _c1430926
_d1430926